Conceptos y formas fundamentales del derecho : (Registro nro. 8451)

Detalles MARC
000 -LEADER
fixed length control field 01066nam a2200253Ia 4500
003 - CONTROL NUMBER IDENTIFIER
control field OSt
005 - DATE AND TIME OF LATEST TRANSACTION
control field 20210830155553.0
008 - FIXED-LENGTH DATA ELEMENTS--GENERAL INFORMATION
fixed length control field 210310s1975 mx gr 000 0 spa d
040 ## - CATALOGING SOURCE
Original cataloging agency CO-JMCR
Transcribing agency CO-JMCR
041 1# - LANGUAGE CODE
Language code of text/sound track or separate title spa
Language code of original ger
082 04 - DEWEY DECIMAL CLASSIFICATION NUMBER
Classification number 340.1 /
Item number S378c
Edition number 23
100 1# - MAIN ENTRY--PERSONAL NAME
Personal name Schreier, Fritz,
9 (RLIN) 17310
Relator term autor
245 10 - TITLE STATEMENT
Title Conceptos y formas fundamentales del derecho :
Remainder of title esbozo de una teoría formal del derecho y del estado sobre base fenomenológica /
Statement of responsibility, etc. Fritz Schreier ; traducción directa por Eduardo García Maynez
260 ## - PUBLICATION, DISTRIBUTION, ETC.
Place of publication, distribution, etc. México :
Name of publisher, distributor, etc. Editorial Nacional,
Date of publication, distribution, etc. 1975
300 ## - PHYSICAL DESCRIPTION
Extent 285 páginas ;
Dimensions 23 cm.
490 0# - SERIES STATEMENT
Series statement Biblioteca del Instituto Argentino de Filosofía Jurídica y Social
500 ## - GENERAL NOTE
General note Título original: Grundbegriffe und grundformen des rechts
505 0# - FORMATTED CONTENTS NOTE
Formatted contents note Derivación de los conceptos jurídicos fundamentales -- Teoría de las formas jurídicas
546 ## - LANGUAGE NOTE
Language note Traducido del alemán.
650 14 - SUBJECT ADDED ENTRY--TOPICAL TERM
Topical term or geographic name entry element Filosofía del derecho
9 (RLIN) 17312
650 24 - SUBJECT ADDED ENTRY--TOPICAL TERM
Topical term or geographic name entry element Estado
9 (RLIN) 39787
700 1# - ADDED ENTRY--PERSONAL NAME
Personal name García Maynez, Eduardo,
Relator term traductor
9 (RLIN) 39788
942 ## - ADDED ENTRY ELEMENTS (KOHA)
Source of classification or shelving scheme Dewey Decimal Classification
Koha item type Books
Existencias
Withdrawn status Lost status Source of classification or shelving scheme Damaged status Not for loan Collection code Home library Current library Date acquired Source of acquisition Full call number Barcode Date last seen Copy number Koha item type
    Dewey Decimal Classification     Non-fiction Biblioteca Pública José María del Castillo y Rada Biblioteca Pública José María del Castillo y Rada 04/15/2018 Donación 340.1 / S378c 430006412 05/16/2024 Ej.1 Books